000 00395pab a2200157 454500
008 180718b1976 xxu||||| |||| 00| 0 eng d
100 _aSaxena, A.P.
245 _aMeasuring productivity in government
260 _c1976
300 _ap.197-207.
362 _aApr-Jun
650 _aPublic administration
773 _aIndian Journal of Public Administration
908 _aN
909 _a88149
999 _c88149
_d88149